000 00508nam a2200181 i 4500
001 40433
003 ES-MaACL
005 20230906160223.0
007 t|
008 030306s1971 sp ||||1| spa d
100 1 _aCárdenas Campos, Antonio.
_935147
245 1 0 _aPoesía /
_cAntonio Cárdenas Campos.
260 _aMadrid :
_b[Domenech],
_c1971.
300 _a206 p. ;
_c17 cm.
852 _aES-MaACL
_jC-43258
_bR.79388
852 _aES-MaACL
_jC-43259
_bR.79387
852 _aES-MaACL
_jC-43890
_bR.79572
999 _c40433
_d40433